環七通りの交差点 - Statistics

General Stats
  • This quiz has been taken 25 times
  • The average score is 14 of 39
Answer Stats
所在地 交差する道路 交差点(陸橋)名 % Correct
杉並区 甲州街道(国道20号) 大原
76%
世田谷区 井ノ頭通り 大原二丁目
62%
杉並区 青梅街道 高円寺陸橋
62%
大田区 海岸通り 中之島橋
57%
世田谷区 駒沢通り 駒沢陸橋
57%
世田谷区 玉川通り(国道246号) 上馬
57%
大田区 湾岸道路(国道357号) 環七大井ふ頭
52%
目黒区 目黒通り 柿の木坂陸橋
52%
世田谷区 世田谷通り 若林
52%
世田谷区 淡島通り 若林陸橋
48%
杉並区 方南通り 方南町
48%
江戸川区 湾岸道路(国道357号) 葛西臨海公園
48%
中野区 早稲田通り 大和陸橋
43%
練馬区 目白通り 豊玉陸橋
43%
大田区 第一京浜(国道15号) 大森東
38%
大田区 池上通り 春日橋
38%
大田区 中原街道 長原陸橋/南千束
38%
杉並区 大久保通り 大久保通り入口
38%
板橋区 川越街道(国道254号) 板橋中央陸橋
38%
北区 北本通り 神谷陸橋/宮堀
38%
足立区 日光街道(国道4号) 梅島陸橋
38%
江戸川区 千葉街道(国道14号) 鹿本中学校前
38%
大田区 第二京浜(国道1号) 松原橋
33%
板橋区 要町通り 武蔵野病院前
33%
足立区 尾久橋通り 江北陸橋
33%
葛飾区 水戸街道(国道6号) 青戸八丁目
33%
中野区 新青梅街道 丸山陸橋
29%
板橋区 中仙道(国道17号) 大和町陸橋
29%
足立区 川の手通り 綾瀬警察署前
29%
葛飾区 蔵前橋通り 総武陸橋
24%
江戸川区 新大橋通り 葛西工業高校前
24%
練馬区 千川通り 桜台陸橋
19%
江戸川区 葛西橋通り 長島陸橋
19%
足立区 尾竹橋通り 満願寺前
14%
葛飾区 江北橋通り 亀有二丁目
14%
葛飾区 奥戸街道 奥戸陸橋
14%
江戸川区 京葉道路(国道14号) 京葉陸橋
14%
江戸川区 清砂大橋通り 東葛西七丁目
14%
足立区 鳩ヶ谷街道 椿一丁目
10%
No matching quizzes found
Score Distribution
Percent of People with Each Score
Percentile by Number Answered
Your Score History
You have not taken this quiz